All Sidemen Members - Statistics

General Stats
  • This quiz has been taken 65 times
  • The average score is 6 of 7
Answer Stats
Answer % Correct
KSI
98%
W2S
93%
Behzinga
91%
Miniminter
91%
Vikkstar123
91%
Zerkaa
91%
TBZL
59%
No matching quizzes found
Score Distribution
Percent of People with Each Score
Percentile by Number Answered
Your Score History
You have not taken this quiz